Drake songs- sudden death - Statistics

General Stats
  • This quiz has been taken 414 times
  • The average score is 5 of 8
Answers on the Grid
Answers color-coded by a green-red scale on the quiz's grid according to % correct below.
Love All
7969 Santa
Phone Home
Blunt Blowin
Say What's Real
Nonstop
Deja Vu
Too Much
Pride
Not You Too
Up All Night
Highlights
Madonna
New Streets
No Charge
Solitaries
 
Answer Stats
Answer % Correct
Nonstop
84%
Not You Too
68%
7969 Santa
66%
Love All
63%
Too Much
55%
Up All Night
44%
Madonna
42%
Say What's Real
37%
No matching quizzes found
Score Distribution
Percent of People with Each Score
Percentile by Number Answered
Your Score History
You have not taken this quiz